000 00623nam a2200229Ia 4500
003 OSt
005 20220925212558.0
006 a|||||r|||| 00| 0
007 ta
008 220923b |||||||| |||| 00| 0 eng d
037 _cGeneral Book
040 _aRTL
_cRTL
_beng
041 _2eng
_aeng
082 _aY15.1.N, M4
100 _aHill Bridget
_9135581
245 0 _aEighteenth-century women
_b An anthropology
260 _aLondon
_bAllen and Unwin
_c1984
300 _a271p
_ccm.
650 _aWoman Sociology
942 _hY15.1.N, M4
_cGB
_2CC
999 _c560683
_d560683